[Event "FRA-ch Accession"]
[Site "Albi"]
[Date "2022.08.21"]
[Round "9"]
[White "Lucas, Arthur"]
[Black "Rivalin, Kenny"]
[Result "1-0"]
[WhiteElo "2367"]
[BlackElo "2160"]
[PlyCount "51"]
[EventDate "2022.08.13"]
[EventType "swiss"]
[EventRounds "9"]
[EventCountry "FRA"]
[SourceTitle "CBM 210 Extra"]
[Source "ChessBase"]
[SourceDate "2022.11.30"]
[SourceVersion "1"]
[SourceVersionDate "2022.11.30"]
[SourceQuality "1"]

1. e4 c5 2. Nf3 d6 3. d4 cxd4 4. Qxd4 Nc6 5. Qe3 Nf6 6. Be2 g6 7. h3 Bg7 8. 0-0 0-0 9. Rd1 Nd7 10. Nc3 Nc5 11. Rb1 Bd7 12. b4 Ne6 13. Nd5 Rc8 14. c4 b6 15. Bb2 Ne5 16. Nd2 g5 17. g3 Ng6 18. Kh2 Bc6 19. Bg4 h6 20. Rf1 Ne5 21. Bf5 b5 22. f4 Nxc4 23. Nxc4 bxc4 24. fxg5 Bxd5 25. Bxg7 Nxg5 26. Bxh6 1-0

[Event "Barcelona Sants op 19th"]
[Site "Barcelona"]
[Date "2017.08.23"]
[Round "6"]
[White "Martin, Julian"]
[Black "Rivalin, Kenny"]
[Result "1-0"]
[WhiteElo "2353"]
[BlackElo "2074"]
[PlyCount "93"]
[EventDate "2017.08.18"]
[EventType "swiss"]
[EventRounds "10"]
[EventCountry "ESP"]
[SourceTitle "CBM 180 Extra"]
[Source "ChessBase"]
[SourceDate "2017.10.06"]
[SourceVersion "1"]
[SourceVersionDate "2017.10.06"]
[SourceQuality "1"]

1. e4 c5 2. Nf3 d6 3. d4 cxd4 4. Nxd4 Nf6 5. Nc3 Nc6 6. g3 g6 7. Bg2 Nxd4 8. Qxd4 Bg7 9. 0-0 0-0 10. h3 Be6 11. Qe3 Nd7 12. Bd2 Nb6 13. b3 d5 14. exd5 Nxd5 15. Bxd5 Bxd5 16. Nxd5 Qxd5 17. Rad1 Qf5 18. c4 e6 19. Bb4 Rfc8 20. g4 Qe5 21. Qxe5 Bxe5 22. f4 Bf6 23. Rd7 b6 24. g5 Rd8 25. Rfd1 Rxd7 26. Rxd7 Bb2 27. Be7 Bc1 28. Bd6 Be3+ 29. Kg2 a5 30. Kf3 Bg1 31. Rb7 Rd8 32. Bc7 Rd2 33. Rb8+ Kg7 34. Be5+ f6 35. gxf6+ Kf7 36. Rb7+ Kg8 37. a3 Bc5 38. b4 axb4 39. axb4 Bxb4 40. Rxb6 Bc5 41. Rc6 Bb4 42. Rc8+ Kf7 43. Rc7+ Ke8 44. c5 Rd5 45. Bd6 Rf5 46. Re7+ Kd8 47. f7 1-0

[Event "Avoine op 32nd"]
[Site "Avoine"]
[Date "2017.07.28"]
[Round "7"]
[White "Travadon, Loic"]
[Black "Rivalin, Kenny"]
[Result "0-1"]
[WhiteElo "2371"]
[BlackElo "2074"]
[PlyCount "91"]
[EventDate "2017.07.22"]
[EventType "swiss"]
[EventRounds "9"]
[EventCountry "FRA"]
[SourceTitle "CBM 179 Extra"]
[Source "ChessBase"]
[SourceDate "2017.08.23"]
[SourceVersion "1"]
[SourceVersionDate "2017.08.23"]
[SourceQuality "1"]

1. d4 Nf6 2. c4 c5 3. d5 e6 4. Nc3 exd5 5. cxd5 d6 6. Nf3 g6 7. Bf4 a6 8. a4 Bg7 9. h3 0-0 10. e3 Qe7 11. Be2 Nbd7 12. 0-0 Ne8 13. Bh2 f5 14. Qc2 Ne5 15. Nd2 Rb8 16. a5 g5 17. f4 Ng6 18. Nc4 gxf4 19. exf4 Bd7 20. Rae1 Qf7 21. Kh1 Bb5 22. Nxb5 axb5 23. Na3 Qxd5 24. Nxb5 Qc6 25. Rd1 Kh8 26. Bc4 Rd8 27. Rfe1 d5 28. Bf1 Nf6 29. a6 Ne4 30. axb7 Qxb7 31. Nc3 Qc6 32. g3 Ne7 33. Bg2 Bd4 34. Nxe4 fxe4 35. g4 Rb8 36. b3 Qb6 37. f5 Qxb3 38. Qc1 Qb2 39. Qf4 Rb7 40. Qd6 Qb6 41. Qf4 Qf6 42. Rf1 h6 43. Bg3 Nc6 44. h4 Rg8 45. Bh3 Rb3 46. Rxd4 0-1

[Event "Avoine op 32nd"]
[Site "Avoine"]
[Date "2017.07.22"]
[Round "4"]
[White "Rivalin, Kenny"]
[Black "Pille, Edouard"]
[Result "1-0"]
[WhiteElo "2074"]
[BlackElo "1791"]
[PlyCount "83"]
[EventDate "2017.07.22"]
[EventType "swiss"]
[EventRounds "9"]
[EventCountry "FRA"]
[SourceTitle "CBM 179 Extra"]
[Source "ChessBase"]
[SourceDate "2017.08.23"]
[SourceVersion "1"]
[SourceVersionDate "2017.08.23"]
[SourceQuality "1"]

1. e4 e5 2. Nf3 Nc6 3. d4 exd4 4. Nxd4 Nge7 5. Bg5 h6 6. Nxc6 bxc6 7. Be3 d5 8. Nc3 Be6 9. Be2 Ng6 10. f4 dxe4 11. Nxe4 Bd5 12. Qd4 Qe7 13. Bd3 Qb4+ 14. Qxb4 Bxb4+ 15. c3 Ba5 16. 0-0 Bb6 17. Nc5 0-0 18. c4 Rfe8 19. Bd4 Bxc5 20. Bxc5 Be4 21. Rad1 Rad8 22. Bxe4 Rxd1 23. Rxd1 Rxe4 24. f5 Nh4 25. b3 Nxf5 26. Rd8+ Kh7 27. Ra8 Re2 28. Rxa7 Rd2 29. g3 Rd7 30. a4 g5 31. a5 Ng7 32. a6 Ne6 33. Bf2 Rd8 34. Rb7 Ra8 35. a7 c5 36. b4 cxb4 37. Rb8 Rxa7 38. Bxa7 c5 39. Rb5 Nd4 40. Bxc5 Nxb5 41. cxb5 b3 42. Bd4 1-0

[Event "Avoine op 22nd"]
[Site "Avoine"]
[Date "2007.07.24"]
[Round "4"]
[White "Rivalin, Kenny"]
[Black "Soyer, Jean Yves"]
[Result "0-1"]
[WhiteElo "1981"]
[BlackElo "2126"]
[PlyCount "162"]
[EventDate "2007.07.21"]
[EventType "swiss"]
[EventRounds "9"]
[EventCountry "FRA"]
[SourceTitle "EXT 2010"]
[Source "ChessBase"]
[SourceDate "2010.11.25"]
[SourceVersion "1"]
[SourceVersionDate "2010.11.25"]
[SourceQuality "1"]

1. e4 c5 2. Nf3 d6 3. d4 cxd4 4. Nxd4 Nf6 5. Nc3 a6 6. f3 e5 7. Nb3 Be6 8. Be3 Be7 9. Be2 0-0 10. Nd5 Nxd5 11. exd5 Bf5 12. 0-0 Bg5 13. f4 exf4 14. Bxf4 Bxf4 15. Rxf4 Qg5 16. Rf2 Be4 17. Bf3 Bxf3 18. Qxf3 Nd7 19. Nd4 Ne5 20. Qf5 Qe3 21. Qf4 Qxf4 22. Rxf4 Rac8 23. b3 Rc3 24. Raf1 f6 25. R1f2 b5 26. Nf5 Rc5 27. Rd2 Rd8 28. a4 Kf7 29. axb5 axb5 30. Rb4 Rd7 31. Kf1 g6 32. Ng3 f5 33. h3 Ra7 34. Rf4 Ra1+ 35. Ke2 Ra2 36. Kd1 Ra1+ 37. Ke2 Ke7 38. Nf1 Nd7 39. Ne3 Nf6 40. c4 Ne4 41. Rb2 bxc4 42. bxc4 Rca5 43. g4 R5a2 44. Rxa2 Rxa2+ 45. Ke1 Nc3 46. Rf3 f4 47. Nf5+ gxf5 48. Rxc3 Kf6 49. Rf3 Kg5 50. gxf5 Kxf5 51. Rb3 Rh2 52. Kf1 Ke5 53. Kg1 Rc2 54. Rb7 Rxc4 55. Rxh7 Kxd5 56. Kf2 Rc3 57. h4 Ke4 58. Re7+ Kf5 59. h5 Kg4 60. h6 Rc2+ 61. Re2 Rc7 62. Rd2 Rd7 63. h7 Rxh7 64. Rxd6 Rh2+ 65. Kg1 Re2 66. Rd8 Kg3 67. Rg8+ Kf3 68. Rf8 Rg2+ 69. Kf1 Ra2 70. Kg1 Ra1+ 71. Kh2 Ra2+ 72. Kg1 Ra1+ 73. Kh2 Rf1 74. Re8 Kf2 75. Ra8 Re1 76. Rg8 f3 77. Rf8 Re7 78. Kh3 Rh7+ 79. Kg4 Kg2 80. Kf4 f2 81. Rg8+ Kh2 0-1

[Event "FRA-ch U16"]
[Site "Le Grand Bornand"]
[Date "2007.04.14"]
[Round "8"]
[White "Casier, Remi"]
[Black "Rivalin, Kenny"]
[Result "0-1"]
[WhiteElo "1867"]
[BlackElo "2010"]
[PlyCount "82"]
[EventDate "2007.04.07"]
[EventType "swiss"]
[EventRounds "9"]
[EventCountry "FRA"]
[SourceTitle "CBM 118 Extra"]
[Source "ChessBase"]
[SourceDate "2007.07.04"]
[SourceVersion "1"]
[SourceVersionDate "2007.07.04"]
[SourceQuality "1"]

1. e4 c5 2. Nf3 d6 3. d4 cxd4 4. Nxd4 Nf6 5. Nc3 Nc6 6. Be3 Ng4 7. Bg5 h6 8. Bh4 g5 9. Bg3 h5 10. h4 gxh4 11. Rxh4 Bg7 12. Nxc6 bxc6 13. Bc4 Qb6 14. Bb3 Bf6 15. Qf3 Bd7 16. Rh1 0-0-0 17. Bh4 Rh6 18. Qe2 Bxh4 19. Rxh4 Rf6 20. f3 Qg1+ 21. Qf1 Qe3+ 22. Qe2 Qg1+ 23. Kd2 Qxa1 24. Nd1 Ne5 25. Rxh5 Rg8 26. Rh4 Rfg6 27. Rh2 R6g7 28. Qf2 Kb8 29. a3 Ng4 30. fxg4 Bxg4 31. Ne3 Qxb2 32. Nxg4 Rxg4 33. Bxf7 Rf8 34. Rh3 Qf6 35. Rf3 Qg5+ 36. Kd1 Rxg2 37. Rb3+ Ka8 38. Qd4 Rg1+ 39. Ke2 Qg2+ 40. Qf2 Rxf7 41. Qxg2 Rxg2+ 0-1

[Event "Bretagne-ch U16"]
[Site "Ploermel"]
[Date "2007.02.15"]
[Round "4"]
[White "Olier, Anthony"]
[Black "Rivalin, Kenny"]
[Result "0-1"]
[WhiteElo "1825"]
[BlackElo "2009"]
[PlyCount "78"]
[EventDate "2007.02.13"]
[EventType "tourn"]
[EventRounds "6"]
[EventCountry "FRA"]
[SourceTitle "EXT 2008"]
[Source "ChessBase"]
[SourceDate "2007.11.25"]
[SourceVersion "1"]
[SourceVersionDate "2007.11.25"]
[SourceQuality "1"]

1. e4 c5 2. Nc3 d6 3. Nf3 Nf6 4. d4 cxd4 5. Nxd4 a6 6. Be2 e5 7. Nb3 Be6 8. Be3 Be7 9. Nd5 Nxd5 10. exd5 Bf5 11. 0-0 Qc7 12. c4 Nd7 13. Qd2 0-0 14. Na5 Rac8 15. b4 Rfd8 16. Rac1 Nf6 17. f3 Qd7 18. Rfd1 e4 19. f4 h6 20. Bb6 Re8 21. c5 dxc5 22. bxc5 e3 23. Qd4 Ne4 24. c6 bxc6 25. dxc6 Qxd4 26. Rxd4 Bf6 27. Rdc4 Nd6 28. Rb4 Nb5 29. c7 Re6 30. Nc6 Nxc7 31. Na7 Rb8 32. Rxc7 Rbxb6 33. Rxb6 Rxb6 34. h3 Be6 35. Bd3 g6 36. Nc6 Kg7 37. g4 Rb2 38. Bxa6 e2 39. Kf2 Bh4+ 0-1

[Event "Morbihan-ch 0607"]
[Site "Morbihan"]
[Date "2007.02.03"]
[Round "5"]
[White "Stephan, Victor"]
[Black "Rivalin, Kenny"]
[Result "1-0"]
[WhiteElo "2042"]
[BlackElo "2015"]
[PlyCount "43"]
[EventDate "2006.10.21"]
[EventType "swiss"]
[EventRounds "7"]
[EventCountry "FRA"]
[SourceTitle "EXT 2009"]
[Source "ChessBase"]
[SourceDate "2008.11.26"]
[SourceVersion "1"]
[SourceVersionDate "2008.11.26"]
[SourceQuality "1"]

1. d4 Nf6 2. c4 e6 3. Nf3 d5 4. Nc3 c6 5. Bg5 Be7 6. e3 Qc7 7. Rc1 dxc4 8. Bxc4 0-0 9. 0-0 Nbd7 10. Bd3 Qd8 11. e4 Re8 12. e5 Nd5 13. Ne4 Nf8 14. Nd6 Bxg5 15. Nxg5 Qxg5 16. Nxe8 Nf4 17. g3 N8g6 18. Bxg6 Nxg6 19. Nd6 Qd8 20. f4 Ne7 21. Qh5 g6 22. Qh4 1-0

[Event "Avoine op 21th"]
[Site "Avoine"]
[Date "2006.07.26"]
[Round "5"]
[White "Bonnaud, Remy"]
[Black "Rivalin, Kenny"]
[Result "1/2-1/2"]
[WhiteElo "2226"]
[BlackElo "1980"]
[PlyCount "39"]
[EventDate "2006.07.22"]
[EventType "swiss"]
[EventRounds "9"]
[EventCountry "FRA"]
[SourceTitle "EXT 2007"]
[Source "ChessBase"]
[SourceDate "2006.11.23"]
[SourceVersion "1"]
[SourceVersionDate "2006.11.23"]
[SourceQuality "1"]

1. e4 c5 2. c3 Nf6 3. e5 Nd5 4. d4 cxd4 5. Bc4 Nb6 6. Bb3 Nc6 7. cxd4 d5 8. Nc3 e6 9. Nge2 Be7 10. 0-0 0-0 11. Ng3 f6 12. f4 fxe5 13. fxe5 Rxf1+ 14. Kxf1 Qf8+ 15. Kg1 Nxd4 16. Qg4 Nxb3 17. axb3 Bc5+ 18. Kh1 Qe8 19. Nce2 Nd7 20. Qa4 1/2-1/2

[Event "Bretagne-ch U16"]
[Site "Sarzeau"]
[Date "2006.02.23"]
[Round "5"]
[White "Nineuil, Vincent"]
[Black "Rivalin, Kenny"]
[Result "0-1"]
[WhiteElo "1830"]
[BlackElo "2000"]
[PlyCount "111"]
[EventDate "2006.02.21"]
[EventType "swiss"]
[EventRounds "6"]
[EventCountry "FRA"]
[SourceTitle "EXT 2007"]
[Source "ChessBase"]
[SourceDate "2006.11.23"]
[SourceVersion "1"]
[SourceVersionDate "2006.11.23"]
[SourceQuality "1"]

1. e4 g6 2. d4 Bg7 3. Nf3 d6 4. Be3 Nf6 5. Nc3 0-0 6. Be2 Nbd7 7. 0-0 e5 8. dxe5 dxe5 9. Qd2 c6 10. Bh6 Qc7 11. Bxg7 Kxg7 12. Bd3 Rd8 13. Rfd1 Nc5 14. Qe3 b6 15. b4 Ne6 16. Bc4 Ng4 17. Qc1 Nd4 18. Be2 h6 19. Rd3 Nxe2+ 20. Nxe2 Ba6 21. Rxd8 Rxd8 22. Ng3 Qe7 23. Qa3 Bc4 24. h3 Nf6 25. Qc3 Ba6 26. Nxe5 Qe6 27. f4 Bb7 28. f5 Qd6 29. fxg6 fxg6 30. Rf1 Qd4+ 31. Qxd4 Rxd4 32. c3 Rd6 33. Nxg6 Kxg6 34. e5 Re6 35. Rxf6+ Rxf6 36. exf6 Kxf6 37. Kf2 Ke5 38. Nf1 Ke4 39. Ke2 Ba6+ 40. Ke1 Bxf1 41. Kxf1 Kd3 42. g4 Kxc3 43. h4 Kd4 44. Kf2 Ke4 45. g5 hxg5 46. hxg5 Kf5 47. Ke3 Kxg5 48. Kd4 Kf5 49. a4 Ke6 50. a5 Kd6 51. axb6 axb6 52. Kc4 Ke5 53. Kc3 Ke4 54. Kc4 b5+ 55. Kc5 Kd3 56. Kxc6 0-1

[Event "Morbihan U20 op"]
[Site "Morbihan"]
[Date "2005.12.11"]
[Round "4"]
[White "Stephan, Victor"]
[Black "Rivalin, Kenny"]
[Result "1-0"]
[WhiteElo "1978"]
[BlackElo "1760"]
[PlyCount "67"]
[EventDate "2005.11.13"]
[EventType "swiss"]
[EventRounds "7"]
[EventCountry "FRA"]
[SourceTitle "EXT 2007"]
[Source "ChessBase"]
[SourceDate "2006.11.23"]
[SourceVersion "1"]
[SourceVersionDate "2006.11.23"]
[SourceQuality "1"]

1. d4 Nf6 2. c4 c5 3. d5 e6 4. Nc3 exd5 5. cxd5 d6 6. e4 a6 7. a4 g6 8. Nf3 Bg7 9. Bd3 0-0 10. 0-0 Ne8 11. Bg5 Qc7 12. h3 f6 13. Bh4 Nd7 14. Qd2 Ne5 15. Nxe5 dxe5 16. Bc4 Nd6 17. b3 Bd7 18. a5 Rab8 19. f3 Qc8 20. Na4 Nxc4 21. bxc4 Bxa4 22. Rxa4 Qd7 23. Qa2 Rf7 24. Rb1 Bf8 25. Rb6 Bd6 26. Ra3 g5 27. Bf2 Bc7 28. Rb2 Qd6 29. Rab3 Qd8 30. Rxb7 Rxb7 31. Rxb7 Qa8 32. Qb3 Kg7 33. Bxc5 Bxa5 34. Rb8 1-0

[Event "Morbihan-ch 0405"]
[Site "Arradon"]
[Date "2005.03.26"]
[Round "6"]
[White "Rivalin, Kenny"]
[Black "Blanchard, Esteban"]
[Result "1-0"]
[WhiteElo "1850"]
[BlackElo "1540"]
[PlyCount "71"]
[EventDate "2004.10.10"]
[EventType "swiss"]
[EventRounds "7"]
[EventCountry "FRA"]
[SourceTitle "EXT 2007"]
[Source "ChessBase"]
[SourceDate "2006.11.23"]
[SourceVersion "1"]
[SourceVersionDate "2006.11.23"]
[SourceQuality "1"]

1. e4 c5 2. Nf3 d6 3. d4 cxd4 4. Nxd4 Nf6 5. Nc3 a6 6. Be2 e6 7. Be3 Nc6 8. f4 Qc7 9. 0-0 Be7 10. Bf3 Bd7 11. Qe1 Rc8 12. Qg3 0-0 13. Qf2 b5 14. Rac1 b4 15. Nce2 Rb8 16. g4 Rfc8 17. g5 Ne8 18. h4 f6 19. Bg4 Nxd4 20. Nxd4 e5 21. Ne6 Qc4 22. Qg2 Bxe6 23. b3 Qc3 24. Bxe6+ Kf8 25. Bd2 Qc5+ 26. Kh1 Rc7 27. f5 a5 28. Rf3 Qd4 29. Rd3 Qb2 30. Be3 Rc3 31. Qd2 Rb7 32. Bc4 a4 33. Rxc3 Qxc3 34. Qd5 Bd8 35. Qg8+ Ke7 36. Qf7# 1-0

[Event "FRA-chT3 0405"]
[Site "France"]
[Date "2005.01.09"]
[Round "5"]
[White "Lecouteux, Guilhem"]
[Black "Rivalin, Kenny"]
[Result "1-0"]
[WhiteElo "1910"]
[BlackElo "1860"]
[PlyCount "65"]
[EventDate "2004.10.10"]
[EventType "team"]
[EventRounds "9"]
[EventCountry "FRA"]
[SourceTitle "EXT 2007"]
[Source "ChessBase"]
[SourceDate "2006.11.23"]
[SourceVersion "1"]
[SourceVersionDate "2006.11.23"]
[SourceQuality "1"]

1. d4 Nf6 2. c4 e5 3. dxe5 Ng4 4. Nf3 Bc5 5. e3 Nc6 6. Bd2 0-0 7. Bc3 Qe7 8. Bd3 Ngxe5 9. Nxe5 Nxe5 10. Bxh7+ Kxh7 11. Qh5+ Kg8 12. Qxe5 Qxe5 13. Bxe5 d6 14. Bc3 a5 15. a3 Bf5 16. Nd2 a4 17. h4 Rfe8 18. 0-0-0 b5 19. h5 Re6 20. cxb5 Rb8 21. Rh4 Rxb5 22. Rxa4 d5 23. Nf3 f6 24. Nd4 Bxd4 25. Raxd4 Rd6 26. Bb4 Rc6+ 27. Bc3 Rd6 28. f3 Be6 29. h6 g5 30. Ra4 Bf7 31. Ra8+ Kh7 32. Rf8 Bg8 33. Bxf6 1-0

[Event "FRA-chT3 0405"]
[Site "France"]
[Date "2004.11.07"]
[Round "3"]
[White "Fontaine, David"]
[Black "Rivalin, Kenny"]
[Result "1-0"]
[WhiteElo "1820"]
[BlackElo "1850"]
[PlyCount "69"]
[EventDate "2004.10.10"]
[EventType "team"]
[EventRounds "9"]
[EventCountry "FRA"]
[SourceTitle "EXT 2007"]
[Source "ChessBase"]
[SourceDate "2006.11.23"]
[SourceVersion "1"]
[SourceVersionDate "2006.11.23"]
[SourceQuality "1"]

1. e4 c5 2. Nf3 e6 3. d4 cxd4 4. Nxd4 a6 5. Be2 Qc7 6. 0-0 Nf6 7. Qd3 Nc6 8. c3 b5 9. Bg5 Be7 10. f4 d6 11. Nd2 e5 12. fxe5 dxe5 13. Nf5 Bxf5 14. Rxf5 Rd8 15. Qg3 Qb6+ 16. Kh1 h6 17. Be3 Bc5 18. Rxe5+ Nxe5 19. Qxe5+ Qe6 20. Qxc5 Nxe4 21. Nxe4 Qxe4 22. Bf3 Qe7 23. Bc6+ Kf8 24. Qb6 Kg8 25. Bc5 Qg5 26. Bd4 Kh7 27. Qxa6 b4 28. Rf1 Qg6 29. Qb7 Rb8 30. Qxf7 Qxf7 31. Rxf7 Rhg8 32. Bd5 bxc3 33. Bxc3 Rbd8 34. Bb3 Kg6 35. Rf3 1-0

[Event "Morbihan-ch 0405"]
[Site "Arradon"]
[Date "2004.10.10"]
[Round "1"]
[White "Rivalin, Kenny"]
[Black "Cougoulic, Alexandre"]
[Result "1/2-1/2"]
[WhiteElo "1850"]
[BlackElo "1640"]
[PlyCount "94"]
[EventDate "2004.10.10"]
[EventType "swiss"]
[EventRounds "7"]
[EventCountry "FRA"]
[SourceTitle "EXT 2007"]
[Source "ChessBase"]
[SourceDate "2006.11.23"]
[SourceVersion "1"]
[SourceVersionDate "2006.11.23"]
[SourceQuality "1"]

1. d4 d5 2. Nf3 Nf6 3. e3 e6 4. Bd3 Be7 5. Nbd2 b6 6. Ne5 Bb7 7. f4 0-0 8. Qf3 c5 9. c3 Na6 10. 0-0 Nc7 11. g4 h6 12. g5 hxg5 13. fxg5 Ne4 14. h4 Bxg5 15. hxg5 Qxg5+ 16. Kh2 f6 17. Ng4 Kf7 18. Nxe4 Rh8+ 19. Kg2 dxe4 20. Bxe4 Bxe4 21. Qxe4 Rh4 22. Kf3 Qh5 23. Rg1 f5 24. Qf4 Nd5 25. Qg5 fxg4+ 26. Rxg4 Qxg4+ 27. Qxg4 Rxg4 28. Kxg4 Rh8 29. dxc5 bxc5 30. Kg3 Rh1 31. Kf3 g5 32. c4 Nf6 33. b3 g4+ 34. Kg2 Re1 35. Kf2 Rh1 36. Bb2 Rh2+ 37. Kg3 Rxb2 38. Kf4 Rd2 39. e4 Rd4 40. Re1 g3 41. Kxg3 Rxe4 42. Rd1 Re2 43. Kf4 Rxa2 44. Ke5 Re2+ 45. Kd6 Re3 46. Kxc5 Rxb3 47. Ra1 Rb7 1/2-1/2

[Event "Morbihan-ch 0304"]
[Site "Morbihan"]
[Date "2004.03.06"]
[Round "5"]
[White "Blanchard, Jody"]
[Black "Rivalin, Kenny"]
[Result "0-1"]
[WhiteElo "1870"]
[BlackElo "1600"]
[PlyCount "58"]
[EventDate "2003.10.??"]
[EventType "swiss"]
[EventRounds "7"]
[EventCountry "FRA"]
[SourceTitle "EXT 2005"]
[Source "ChessBase"]
[SourceDate "2004.11.15"]
[SourceVersion "1"]
[SourceVersionDate "2004.11.15"]
[SourceQuality "1"]

1. d4 Nf6 2. c4 e5 3. dxe5 Ng4 4. Bf4 Bb4+ 5. Nd2 Nc6 6. e3 Ngxe5 7. a3 Be7 8. Ngf3 Bf6 9. Qc2 d6 10. Be2 g6 11. Rd1 0-0 12. 0-0 Qe7 13. Ne4 Bg7 14. Bg5 f6 15. Bh4 Bf5 16. Nfd2 Rad8 17. Qb3 b6 18. c5+ d5 19. cxb6 axb6 20. Nc3 Be6 21. Qb5 d4 22. exd4 Nxd4 23. Qa4 Nxe2+ 24. Nxe2 c5 25. Qe4 Bf5 26. Qe3 Rd3 27. Qf4 Qd7 28. Ng3 Rd4 29. Qe3 Rxh4 0-1